Chemical evolution of galaxies with active star formation (Record no. 9666)

MARC details
000 -LEADER
fixed length control field 00936nam a2200217Ia 4500
003 - CONTROL NUMBER IDENTIFIER
control field IN-BaIIA
008 - FIXED-LENGTH DATA ELEMENTS--GENERAL INFORMATION
fixed length control field 211028s9999 xx 000 0 eng d
020 ## - INTERNATIONAL STANDARD BOOK NUMBER
International Standard Book Number 4-946443-01-0
040 ## - CATALOGING SOURCE
Transcribing agency IIA Library
080 ## - UNIVERSAL DECIMAL CLASSIFICATION NUMBER
Universal Decimal Classification number 524.6-36-54(082.2)
Item number CHE
111 ## - MAIN ENTRY--MEETING NAME
Meeting name or jurisdiction name as entry element Japan-France Seminar on Chemical Evolution of Galaxies with Active Star Formation
Location of meeting Sendai, Japan
Date of meeting or treaty signing 1986 Nov. 5-8
9 (RLIN) 16312
245 #0 - TITLE STATEMENT
Title Chemical evolution of galaxies with active star formation
Remainder of title proceedings of Japan-France seminar on chemical evolution of galaxies with active star formation, held in Sendai, Japan, 5-8 Nov 1986
Statement of responsibility, etc. edited by Keiya Takakubo
260 ## - PUBLICATION, DISTRIBUTION, ETC.
Place of publication, distribution, etc. New York
Name of publisher, distributor, etc. Universal Academy Press
Date of publication, distribution, etc. 1987
300 ## - PHYSICAL DESCRIPTION
Extent v, 263p.
650 ## - SUBJECT ADDED ENTRY--TOPICAL TERM
Topical term or geographic name entry element Astronomy and astrophysics thesaurus
650 ## - SUBJECT ADDED ENTRY--TOPICAL TERM
Topical term or geographic name entry element Chemical evolution
9 (RLIN) 15336
650 ## - SUBJECT ADDED ENTRY--TOPICAL TERM
Topical term or geographic name entry element Galaxies
9 (RLIN) 1286
650 ## - SUBJECT ADDED ENTRY--TOPICAL TERM
Topical term or geographic name entry element Star formation
700 ## - ADDED ENTRY--PERSONAL NAME
Personal name Takakubo, Keiya .,ed.
9 (RLIN) 16313
942 ## - ADDED ENTRY ELEMENTS (KOHA)
Koha item type Books
Holdings
Withdrawn status Lost status Damaged status Not for loan Home library Current library Shelving location Date acquired Total Checkouts Full call number Barcode Date last seen Price effective from Koha item type
        IIA Library-Bangalore IIA Library-Bangalore General Stacks     524.6-36-54(082.2)/ CHE 10576 05/11/2021   Books

Powered by Koha